Cálculos y medidas en luminotecnia (Record no. 85922)

MARC details
000 -LEADER
campo de control de longitud fija 00704nam a2200193 i 4500
001 - NÚMERO DE CONTROL
campo de control 85922
003 - IDENTIFICADOR DE NÚMERO DE CONTROL
campo de control ES-MaACL
007 - CAMPO FIJO DE DESCRIPCIÓN FÍSICA--INFORMACIÓN GENERAL
campo de control de longitud fija t|
008 - DATOS DE LONGITUD FIJA--INFORMACIÓN GENERAL
campo de control de longitud fija 041202s1974 sp ||||1| spa d
100 1# - ENTRADA PRINCIPAL--NOMBRE DE PERSONA
Nombre de persona Keitz, H. A. E.
9 (RLIN) 67742
245 10 - MENCIÓN DEL TÍTULO
Título Cálculos y medidas en luminotecnia
Resto del título : introducción al sistema de cantidades y unidades usado en luminotecnia y fotometría /
Mención de responsabilidad, etc. H.A.E. Keitz ; [traducido por Daniel Santano y León].
260 ## - PUBLICACIÓN, DISTRIBUCIÓN, ETC.
Lugar de publicación, distribución, etc. Madrid :
Nombre del editor, distribuidor, etc. Paraninfo,
Fecha de publicación, distribución, etc. 1974.
300 ## - DESCRIPCIÓN FÍSICA
Extensión 471 p. :
Otras características físicas il. ;
Dimensiones 22 cm.
490 1# - MENCIÓN DE SERIE
Mención de serie Biblioteca técnica Philips
700 1# - ENTRADA AGREGADA--NOMBRE PERSONAL
Nombre de persona Santano y León, Daniel.
9 (RLIN) 181683
830 0# - PUNTO DE ACCESO ADICIONAL DE SERIE-TÍTULO UNIFORME
Título uniforme Biblioteca técnica Philips
9 (RLIN) 181540
852 ## - LOCALIZACIÓN
Ubicación ES-MaACL
Número de control de estantería E-6300
Sublocalización o colección R.90741
Holdings
Estatus retirado Estado de pérdida Estado de daño No para préstamo Biblioteca de origen Biblioteca actual Ubicación en estantería Fecha de adquisición Fuente de adquisición Total de préstamos Signatura topográfica completa Código de barras Visto por última vez Precio de reemplazo Tipo de ítem Koha
        Biblioteca del Ateneo de Madrid Biblioteca del Ateneo de Madrid Depósito 2 17/01/2008     E-6300 1089787 23/02/2023 23/02/2023 Libro impreso